000 00644nam a22001937a 4500
999 _c178284
_d178284
005 20210324130700.0
010 _aENG-129282
020 _a81-87756-33-0
_c150.00
035 _aEN-112814
037 _bDBAD/PUB
082 _aN
100 _aDHINGRA, ESHANT
245 _a11000 FEET a vanished love story/
_cESHANT DHINGRA
_bWHEN YOU DO PHD for your girl friend
260 _bSanskar Sahitya Mala
_aMUMBAI
_c2019
270 _a407, Krishna Vihar , Tata Compound Irla Bridge. S.V. Road Andheri (w)
_bMUMBAI
_e400058
_mssmhindibooks@gmail.com
_k022-26244671
300 _a89p.
_c20cm(hbk)
700 _aDas, Tapas
942 _2ddc
_cEN
_hN
_mDHI